Introducción al periodismo

I tiakina i:
Ngā taipitopito rārangi puna kōrero
Kaituhi matua: Rojas Gómez, Antonio (Author)
Hōputu: Pukapuka
Reo:Pāniora
I whakaputaina: Viña del Mar Universidad de Aconcagua 2004
Putanga:1a. ed
Ngā marau:
Ngā Tūtohu: Tāpirihia he Tūtohu
Kāore He Tūtohu, Me noho koe te mea tuatahi ki te tūtohu i tēnei pūkete!

MARC

LEADER 00000nam a2200000 a 4500
001 UCK4663
003 CL-VaPUC
008 050617e20040000CL |||||||||||||||||spa|d
082 0 4 |a 070  |b ROJ  |2 21 
100 |a Rojas Gómez, Antonio  |e author  |9 493250 
245 1 0 |a Introducción al periodismo 
250 |a 1a. ed 
300 |a 84 p 
942 |c BK 
945 |d 20050617 00:00:00  |a cmena 
260 |a Viña del Mar  |b Universidad de Aconcagua  |c 2004 
650 0 |a Periodismo   |9 310113 
650 0 |a Medios de comunicación  |9 257206 
650 0 |a Noticias periodísticas  |9 335529 
583 |a last modification  |c 20050617 00:00:00  |k Rodrigo Vera 
999 |c 313481  |d 313479 
952 |0 0  |1 0  |4 0  |6 070_000000000000000_ROJ_2004  |7 0  |8 A  |9 384862  |a BIBCUR  |b BIBCUR  |d 2019-11-22  |i 4140281  |o 070 ROJ 2004  |p 4140281  |r 2025-04-22  |w 2019-11-22  |y BK  |k PER